[Event "SRI-chB"]
[Site "Malabe"]
[Date "2015.06.19"]
[Round "1"]
[White "Samaranayake, KPRN"]
[Black "Madanperuma, MA Sunera"]
[Result "1-0"]
[WhiteElo "1806"]
[BlackElo "1351"]
[PlyCount "86"]
[EventDate "2015.06.19"]
[EventType "swiss"]
[EventRounds "10"]
[EventCountry "SRI"]
[SourceTitle "CBM 167 Extra"]
[Source "ChessBase"]
[SourceDate "2015.09.14"]
[SourceVersion "1"]
[SourceVersionDate "2015.09.14"]
[SourceQuality "1"]

1. e4 e5 2. Nf3 Nc6 3. d4 exd4 4. Bc4 Bc5 5. 0-0 Nge7 6. c3 d3 7. b4 Bb6 8. a4 a6 9. Qxd3 0-0 10. Be3 Ba7 11. Nbd2 d6 12. Bxa7 Rxa7 13. Qe3 Ra8 14. Rfd1 Ng6 15. Bb3 Bd7 16. h3 Qe7 17. Re1 Be6 18. Bc2 Rad8 19. Nd4 Nxd4 20. cxd4 Rfe8 21. Nf3 Bc4 22. Qc3 b5 23. axb5 Bxb5 24. Ba4 Rb8 25. Bxb5 axb5 26. Ra7 Rec8 27. e5 Nf4 28. exd6 Qxd6 29. Qc5 Qxc5 30. dxc5 Nd5 31. Re4 c6 32. Ne5 f6 33. Nd7 Ra8 34. Rb7 Ra1+ 35. Kh2 Rb1 36. Nb6 Nxb6 37. cxb6 g5 38. Rc7 Rd8 39. b7 Rbd1 40. Rc8 Kf7 41. b8Q Rxc8 42. Qxc8 Rd2 43. Qe8+ Kg7 1-0